[Event "7th Cattolica Open-A 2020"]
[Site "Cattolica"]
[Date "2020.09.02"]
[Round "3.9"]
[White "Alanic, Mickael"]
[Black "Cardili, Mariano"]
[Result "1-0"]
[WhiteElo "2306"]
[BlackElo "2081"]
[Annotator "TA"]
[PlyCount "25"]
[EventDate "2020.08.31"]
[EventType "swiss"]
[EventCountry "ITA"]
[SourceTitle "playchess.com"]
[Source "ChessBase"]
[SourceQuality "1"]

{[%evp 15,25,0,8,0,9,25,56,52,45,44,269,270]} 1. e4 c6 2. d4 d5 3. Nd2 dxe4 4. Nxe4 Bf5 5. Ng3 Bg6 6. Nh3 e6 7. Nf4 Bd6 8. c3 Nf6 9. h4 {B18: Classical Caro-Kann: 4...Bf5 sidelines.} Qc7 10. Qf3 Bc2 11. Nfh5 Nxh5 12. Nxh5 {[#]} O-O $146 {[#]} ({Black should try} 12... Rg8 $14) ({Predecessor:} 12... Bf8 13. Bc4 Nd7 14. Qe2 Bg6 15. Nf4 Nf6 16. Nxg6 hxg6 17. g3 Bd6 18. Bg5 Be7 {1-0 (69) Obad,A (2239)-Rosic,S (2235) Bosna 2017}) 13. Nxg7 $1 {[%mdl 512] Black did not feel at home in the position after the opening.} 1-0

[Event "7th Cattolica Open-A 2020"]
[Site "Cattolica"]
[Date "2020.09.02"]
[Round "3.10"]
[White "Papadiamandis, Elliot"]
[Black "Louis, Corentin"]
[Result "1/2-1/2"]
[WhiteElo "2204"]
[BlackElo "2053"]
[Annotator "TA"]
[PlyCount "39"]
[EventDate "2020.08.31"]
[EventType "swiss"]
[EventCountry "ITA"]
[SourceTitle "playchess.com"]
[Source "ChessBase"]
[SourceQuality "1"]

{[%evp 18,39,54,61,96,16,12,15,16,13,3,9,16,3,1,4,11,11,9,8,18,15,15,11]} 1. e4 e6 2. d4 d5 3. Nd2 Nc6 4. Ngf3 Nf6 5. e5 Nd7 6. Be2 f6 7. exf6 Qxf6 8. Nf1 Bd6 9. Ne3 O-O 10. O-O Nb6 {C04: French Tarrasch: 3...Nc6.} 11. c4 (11. Ng4 $16 Qg6 12. Nfe5 Bxe5 13. Nxe5 Nxe5 14. dxe5) 11... Nxc4 $11 {The position is equal.} 12. Nxc4 dxc4 13. Bxc4 Kh8 14. Bg5 Qg6 {Hoping for ...Rxf3!} 15. Bh4 e5 {[#]} 16. dxe5 $146 ({Predecessor:} 16. Bg3 exd4 17. Nxd4 Bxg3 18. fxg3 Bg4 19. Qd2 Rfd8 20. Rf4 Nxd4 21. Raf1 Nf3+ 22. R4xf3 Bxf3 23. Qf2 Bc6 24. Bf7 Qd6 25. Qf5 Rf8 26. Qh5 Be8 {0-1 (26) Tutuncu,A-Ince,T Antalya 2020}) 16... Nxe5 17. Nxe5 Bxe5 18. Bg3 Bxg3 19. hxg3 Be6 20. Rc1 {White did not feel at home in the position after the opening. Accuracy: White = 80%, Black = 85%.} 1/2-1/2

[Event "7th Cattolica Open-A 2020"]
[Site "Cattolica"]
[Date "2020.09.03"]
[Round "4.1"]
[White "Degraeve, Remy"]
[Black "Studer, Noel"]
[Result "0-1"]
[WhiteElo "2349"]
[BlackElo "2573"]
[Annotator "TA"]
[PlyCount "102"]
[EventDate "2020.08.31"]
[EventType "swiss"]
[EventCountry "ITA"]
[SourceTitle "playchess.com"]
[Source "ChessBase"]
[SourceQuality "1"]

{[%evp 13,102,0,0,0,0,0,0,0,0,4,7,0,18,12,18,15,15,19,23,11,28,24,37,37,37,37,37,37,61,55,58,54,66,55,60,0,0,0,0,0,0,0,0,0,6,-144,-150,-278,-279,-261,-263,-780,-658,-597,-428,-427,-427,-779,-781,-781,-774,-762,-762,-927,-874,-804,-490,-442,-412,-370,-306,-208,-141,-345,-345,-339,-339,-663,-443,-1368,-1188,-29971,-29970,-29977,-29978,-29976,-29972,-29990,-29991,-29991,-29992]} 1. d4 Nf6 2. c4 e6 3. Nc3 Bb4 4. Qc2 O-O 5. e4 d5 6. e5 Ne4 7. Bd3 c5 $1 {[%cal Rc5d4]} 8. Nf3 {Threatening 0-0. E32: Nimzo-Indian: Classical (4 Qc2): 4...0-0.} cxd4 9. Nxd4 Nd7 10. Bf4 {The position is equal.} Ndc5 11. O-O Bxc3 {11...Nxd3 deserves study.} 12. bxc3 Nxd3 13. Qxd3 b6 14. cxd5 exd5 15. Rfe1 Qd7 16. a4 {[%cal Ba2a4,Ba4a5][%mdl 32] [#]} Qg4 $146 ({Predecessor:} 16... Nc5 17. Qg3 Ne4 18. Qh4 Nc5 19. Bg5 Qg4 20. f3 Qxh4 21. Bxh4 Bd7 22. a5 Nd3 {½-½ (31) Ristea,T (2338)-Steiger,W (2395) ICCF email 2013}) 17. Qe3 Qg6 18. a5 {Hoping for axb6.} Ba6 19. e6 fxe6 20. f3 Nc5 21. Bd6 Rfe8 22. Nc6 {aiming for axb6.} Qf7 23. axb6 axb6 24. Bxc5 (24. Ne5 $14 Qa7 25. Reb1) 24... bxc5 $11 25. Qxc5 Qc7 {White must now prevent ...Bb7.} 26. c4 d4 27. Re5 d3 28. Nb4 Qd7 $36 {[%mdl 2048] And now ...Rec8 would win. Black is pushing.} 29. Re4 {[#]} ({White should play} 29. Nxa6 $11 d2 30. Rd1 Rxa6 31. Re2) 29... Red8 $1 $17 30. Nc6 (30. Nxa6 $17 {was necessary.} d2 31. Kf2) 30... Bb7 $1 $19 {[%csl LRa1,LRc6]} 31. Rxa8 Bxa8 ({Stronger than} 31... Rxa8 32. Ne7+ Kh8 33. Rd4 $14) 32. Ne7+ $2 ({Not} 32. Rd4 $2 {[#]} Qxd4+ $1 {[%mdl 512]} 33. Nxd4 d2 $19) (32. Nxd8 d2 33. Rd4 d1=Q+ 34. Rxd1 Qxd1+ 35. Kf2) 32... Kh8 33. Rh4 {Rxh7+! would kill now.} h6 {...d2 is the strong threat.} 34. Qg5 {Threatening mate with Rxh6+!} Qa7+ 35. c5 (35. Kf1 $142 Qa1+ 36. Kf2 Qb2+ 37. Kg1) 35... Qa1+ 36. Kf2 Qb2+ 37. Kg3 Qf6 38. Rxh6+ Qxh6 39. Ng6+ Kh7 40. Qxd8 Qxg6+ 41. Kf2 Bd5 42. Qh4+ Kg8 {Threatens to win with ...Qe8.} 43. Qd4 $2 {This move loses the game for White.} (43. Qd8+ $17 {is the only way for White.} Kf7 44. Qc7+ Kf6 45. Qd8+ Ke5 46. Ke3) 43... Kf7 44. h3 Qf5 45. Qe3 $2 (45. h4) 45... Bc6 46. Ke1 (46. Qd4 $142 Bb5 47. Qd6) 46... Bb5 47. Kd2 Qf6 {Black mates.} 48. c6 Qb2+ 49. Ke1 Qb1+ 50. Kd2 Qb4+ 51. Kc1 Qc3+ {[%mdl 64] Double Attack. Accuracy: White = 53%, Black = 93%.} 0-1

[Event "7th Cattolica Open-A 2020"]
[Site "Cattolica"]
[Date "2020.09.03"]
[Round "4.2"]
[White "Degraeve, Jean-Marc"]
[Black "Reimanis, Ritvars"]
[Result "1-0"]
[WhiteElo "2530"]
[BlackElo "2421"]
[Annotator "TA"]
[PlyCount "131"]
[EventDate "2020.08.31"]
[EventType "swiss"]
[EventCountry "ITA"]
[SourceTitle "playchess.com"]
[Source "ChessBase"]
[SourceQuality "1"]

{[%evp 15,131,20,16,10,24,0,0,0,27,27,17,-44,-39,-55,-41,-66,0,-32,15,0,0,-24,0,0,-6,-9,0,-16,-11,-17,0,-17,4,7,75,16,8,-3,0,-22,0,-32,0,0,-7,-26,0,-4,0,-32,-50,-185,-119,-238,-238,-219,-83,-394,-54,-84,0,0,0,0,0,0,0,0,0,0,0,0,0,0,0,0,285,268,377,0,0,0,0,0,12,8,9,9,12,0,23,25,33,26,31,35,21,0,0,0,0,0,0,0,-4,-8,-9,-284,-10,-11,-68,-3168,-1872,-12841,-12839,-2334,29995,29996]} 1. e4 e5 2. Nf3 Nc6 3. Nc3 Nf6 4. Bb5 Nd4 5. O-O Nxb5 6. Nxb5 c6 7. Nc3 d6 8. d4 Qc7 9. h3 {9.Bg5 is the recent fashion. C48: Four Knights: 4 Bb5, replies other than 4...Bb4.} h6 10. Be3 Be7 11. a4 {The position is equal.} g5 {[#]} 12. Nh2 $146 ({Predecessor:} 12. Nd2 Rg8 13. g4 h5 14. f3 d5 15. Qe2 Be6 16. Rae1 dxe4 17. Ndxe4 Nd5 18. Nxd5 cxd5 {1-0 (34) Willemze,T (2398)-Nabuurs,J (2157) Maastricht 2007}) 12... Rg8 13. g4 ({Better is} 13. a5 $11) 13... h5 $15 14. dxe5 dxe5 15. f3 Qa5 (15... Be6 $15) 16. Rf2 Bc5 17. Nf1 Be6 18. Qe1 O-O-O (18... hxg4 $6 19. Nd5 $14 (19. fxg4 Nd7 $11)) 19. Bxc5 Qxc5 20. a5 hxg4 21. hxg4 Rh8 22. Na4 Qe7 23. Qc3 Qc7 24. Nc5 Kb8 (24... Rh3 $11) 25. Ra4 (25. Rd2 $16) 25... Bc8 $11 26. Nd3 Nd7 27. Rc4 a6 28. Ng3 Rhe8 29. Nf5 {With the idea Nb4.} Ka8 30. Ne3 Qd6 31. Rh2 Nf8 32. Rb4 Qf6 33. Rh3 (33. Nf5 $15) 33... Ng6 (33... Ne6 $19 34. Nc4 (34. Qxe5 $2 Qxe5 35. Nxe5 Nf4 $19 {[%mdl 64] Discovered Attack}) 34... Nd4 35. Nb6+ Kb8 36. Rxd4 exd4) 34. Nc4 (34. Ng2 $17 {might work better.}) 34... Nf4 $19 35. Nxf4 Rd1+ (35... gxf4 $19 {has better winning chances.} 36. Rh5 Rd1+ 37. Kf2 Qd8) 36. Kg2 $2 {[%mdl 8192]} (36. Kf2 $17 {was the crucial defense.} Qxf4 37. Qe3) 36... Qxf4 $2 (36... gxf4 $19 37. Rh5 Red8) 37. Qe3 Bxg4 (37... Be6 $17 {aiming for ...Bxc4.} 38. Rh1 (38. Qb6 Rb8 $17) 38... Rxh1 39. Qxf4 exf4 40. Kxh1 Rd8) 38. fxg4 $11 Qxg4+ 39. Rg3 Qh5 40. Rh3 Qg4+ 41. Rg3 Qh5 {( -> ...Qh1+)} 42. Rh3 Qg4+ 43. Kh2 c5 $1 {[%cal Rc5b4]} 44. Rb3 Rd4 $1 {[%cal Rd4c4]} 45. Qf3 Qe6 $2 {[%mdl 8192]} (45... Qf4+ $11 46. Qxf4 exf4) 46. Nb6+ $18 Kb8 (46... Ka7 {is a better defense.}) 47. Qe3 $2 ({White should play} 47. Rh7 $18) 47... Qg4 $11 48. Rd3 Rxe4 49. Nd7+ Ka8 50. Nf6 Rxe3 51. Nxg4 Re2+ $1 52. Kg3 Rxc2 {Black wants to play ...f5.} 53. Nf6 Rc8 54. Nd7 {Black must now prevent Nb6+.} Ka7 55. Nb6 Rf8 56. Rh7 Rxb2 57. Rc3 Rb5 58. Nc4 e4 59. Kg4 f5+ 60. Kxg5 f4 {And now ...Rb1 would win.} 61. Nd6 $2 {[%mdl 8192] [#]} (61. Rh1 $1 $11 {and White stays safe.}) 61... Rb4 $2 (61... Rb2 $1 $19 {[%cal Rb2g2]} 62. Nxe4 Rg2+ 63. Kh4 f3) 62. Rxc5 {Hoping for Nc8+.} f3 (62... e3 $11 63. Nc8+ Kb8) 63. Rcc7 $2 {[%mdl 8192]} (63. Rc8 $15 Rxc8 64. Nxc8+ Kb8 65. Nb6) 63... f2 $19 64. Nxb7 Rg8+ 65. Kh6 f1=Q $4 {[%mdl 8192] [#]} (65... Kb8 $19 66. Nd8 Rxd8) 66. Nd8+ $1 {What a fight! Accuracy: White = 66%, Black = 63%.} 1-0

[Event "7th Cattolica Open-A 2020"]
[Site "Cattolica"]
[Date "2020.09.03"]
[Round "4.3"]
[White "David, Alberto"]
[Black "Carlo, Emanuele"]
[Result "1-0"]
[WhiteElo "2520"]
[BlackElo "2280"]
[Annotator "TA"]
[PlyCount "67"]
[EventDate "2020.08.31"]
[EventType "swiss"]
[EventCountry "ITA"]
[SourceTitle "playchess.com"]
[Source "ChessBase"]
[SourceQuality "1"]

{[%evp 25,67,0,21,22,17,34,42,39,46,46,42,47,35,35,41,41,39,46,33,44,38,41,63,61,68,54,216,212,338,337,327,328,320,318,308,259,352,374,551,501,501,494,480,479]} 1. Nf3 Nf6 2. c4 c5 3. Nc3 d5 4. cxd5 Nxd5 5. e3 e6 6. Bc4 Nf6 7. O-O Be7 8. d4 O-O 9. Qe2 cxd4 10. Rd1 a6 11. a4 Nc6 12. Nxd4 Nxd4 13. exd4 Qc7 14. Bg5 {D27: Queen's Gambit Accepted: Classical main line: 7 e4!? and 7 a4.} h6 15. Bh4 {[#]} Bd7 $146 ({Predecessor:} 15... Re8 16. Rac1 Bd7 17. d5 exd5 18. Nxd5 Nxd5 19. Bxd5 Bc6 20. Bxc6 bxc6 21. Bxe7 Rxe7 22. Qc4 Re6 {1-0 (37) Kolanek,R (2020)-Borge,S (1272) LSS email 2011}) 16. d5 {[%cal Rd5e6] White is slightly better.} Qf4 17. Bg3 Qf5 18. Re1 {[%cal Rd5e6]} Bb4 {[%cal Re6d5]} 19. dxe6 Bxe6 20. Bxe6 fxe6 21. Qxe6+ Qxe6 22. Rxe6 Rac8 23. Be5 Nd7 24. Bd4 Rc4 25. Rd1 {aiming for Bxg7!} Rfc8 $2 {[#] Loses the game.} ({Black should play} 25... Nc5 $14 26. Re7 Rf7 27. Rxf7 Kxf7) 26. Rg6 $18 Nf6 (26... Bf8 $142 27. Bxg7 {[%mdl 64] Discovered Attack} Kf7) 27. Bxf6 Kf7 28. Rxg7+ Kxf6 29. Rxb7 Bxc3 30. bxc3 Rxc3 {KRR-KRR} 31. g3 Rc1 (31... R3c6 {is a better defense.} 32. a5 Re6) 32. Rb6+ {White is clearly winning.} R8c6 33. Rxc1 Rxb6 34. Rc5 {Accuracy: White = 100%, Black = 55%.} 1-0

[Event "7th Cattolica Open-A 2020"]
[Site "Cattolica"]
[Date "2020.09.03"]
[Round "4.4"]
[White "Solomon, Kenny"]
[Black "Bailet, Pierre"]
[Result "0-1"]
[WhiteElo "2352"]
[BlackElo "2500"]
[Annotator "TA"]
[PlyCount "110"]
[EventDate "2020.08.31"]
[EventType "swiss"]
[EventCountry "ITA"]
[SourceTitle "playchess.com"]
[Source "ChessBase"]
[SourceQuality "1"]

{[%evp 24,110,45,12,9,5,19,0,33,32,26,32,31,7,43,0,16,10,13,10,10,10,10,10,10,10,11,11,11,11,11,11,19,0,0,0,0,0,11,0,11,7,12,0,0,0,0,0,0,0,0,0,0,0,0,0,0,0,0,0,0,0,0,0,0,0,0,0,0,0,0,0,0,0,0,-92,-87,-70,-74,-83,-97,-276,-286,-343,-336,-473,-445,-655,-312]} 1. e4 e5 2. Nf3 Nc6 3. Bb5 a6 4. Ba4 Nf6 5. O-O Be7 6. Re1 b5 7. Bb3 d6 8. c3 O-O 9. h3 Na5 10. Bc2 c5 11. d4 Qc7 12. d5 Bd7 13. Nbd2 c4 {C97: Closed Ruy Lopez: Chigorin Defence: 11 d4 Qc7, sidelines.} 14. Nf1 g6 {[#]} 15. Bg5 $146 ({Predecessor:} 15. Ng5 Nh5 16. g4 Nf4 17. Bxf4 exf4 18. Nf3 Nb7 19. Qd2 g5 20. e5 dxe5 21. Nxe5 {0-1 (47) Binder,T (2225)-Daroczy,S (2140) Debrecen 1997}) 15... Rfb8 {The position is equal.} 16. Qd2 Nb7 17. Ng3 Nc5 18. Nh2 Qd8 19. Bh6 (19. f4 $5 {[%cal Rf4e5]}) 19... Bf8 20. Bxf8 Qxf8 21. b4 cxb3 22. axb3 a5 23. b4 axb4 24. cxb4 Rxa1 25. Rxa1 Na4 26. Bd3 Rc8 27. Rc1 Qd8 28. Nf3 Kg7 29. Rc2 Rxc2 30. Qxc2 Qb6 31. Qc1 h6 32. Ne2 Ng8 33. g4 Nf6 34. Ng3 Qd8 35. Kg2 Nh7 36. Qf1 Qb6 37. Qc1 Nf6 38. Qc2 Ne8 39. Ne2 Qa7 40. Qa2 h5 41. Nh2 hxg4 42. hxg4 Nf6 43. f3 Nh7 44. Qd2 f6 45. Nf1 Ng5 46. Qe3 Qb8 47. Qc1 Nb6 48. Nd2 Qa7 49. Qb2 (49. Nf1 $11) 49... Na4 $17 50. Qc2 Qe3 51. Ng1 {[#]} Qd4 $1 52. Kf1 $2 {Loses the game.} (52. Nb3 $17 Qxb4 53. Qc7 Qxb3 54. Qxd7+ Nf7 55. Qxb5 Qa2+ 56. Be2) 52... Qxb4 $19 53. Nb3 {and the idea Qc7 leaves White hopeful.} Nc5 54. Nc1 (54. Nxc5 $142 dxc5 55. Kg2) 54... Qd4 55. Nb3 (55. Be2 $142 Bxg4 56. fxg4) 55... Qa4 {Accuracy: White = 78%, Black = 93%.} (55... Qxd3+ $142 56. Qxd3 Nxd3) 0-1

[Event "7th Cattolica Open-A 2020"]
[Site "Cattolica"]
[Date "2020.09.03"]
[Round "4.5"]
[White "Van Foreest, Lucas"]
[Black "Alanic, Xavier"]
[Result "1-0"]
[WhiteElo "2531"]
[BlackElo "2249"]
[Annotator "TA"]
[PlyCount "111"]
[EventDate "2020.08.31"]
[EventType "swiss"]
[EventCountry "ITA"]
[SourceTitle "playchess.com"]
[Source "ChessBase"]
[SourceQuality "1"]

{[%evp 9,111,58,56,54,56,59,62,61,82,92,107,97,106,90,99,87,126,41,76,72,196,146,202,208,452,355,331,291,296,289,283,227,224,0,0,0,0,-24,108,11,13,21,75,0,10,0,0,-57,0,0,0,0,49,57,55,69,127,122,124,67,144,108,122,129,145,68,262,203,243,266,269,267,214,219,12839,12839,12839,278,250,194,228,205,185,185,202,189,162,102,114,99,180,113,160,167,141,75,254,250,246,226,246,246,226,197]} 1. e4 c6 2. d4 d5 3. e5 g6 4. c4 Be6 5. Qb3 Qb6 6. Nc3 {B12: Caro-Kann: Advance Variation.} dxc4 7. Bxc4 Bxc4 8. Qxc4 {[#] White is slightly better.} Nh6 $146 ({Predecessor:} 8... e6 9. Nf3 Ne7 10. O-O Na6 11. Bg5 h6 12. Bf6 Rg8 13. a3 Nc7 14. b4 g5 {1-0 (46) Mustafin,A (2315)-Kasoshvili,T (2178) Poti 2016}) 9. Nf3 Qa6 10. Qb3 Qb6 11. Qc2 Na6 12. O-O Nf5 13. Qe4 ({White should try} 13. Rd1 $16) 13... O-O-O 14. Rd1 f6 (14... Nc7 $16 {was necessary.}) 15. Bf4 Nc7 (15... Bh6 $16 {might work better.}) 16. d5 $18 fxe5 $2 (16... cxd5 17. Nxd5 Nxd5) 17. Nxe5 Nd6 18. Qf3 {[%cal Rd5c6]} Bg7 19. Qh3+ Nf5 20. Nf7 Qxb2 21. Rac1 $2 ({Stronger than} 21. Nxh8 Qxc3 22. Qxc3 Bxc3 $11) (21. Bxc7 $18 Kxc7 22. Rdc1 Bxc3 23. Rab1 (23. Qxc3 Qxc3 24. Rxc3 Nd4 $16) (23. Nxd8 Rxd8 24. Qxc3 Qxc3 $11)) 21... Bxc3 $1 $11 22. Nxd8 (22. Rxc3 $2 Rxd5 23. Rcc1 Rf8 $19) 22... Rxd8 23. Bxc7 Kxc7 (23... Rxd5 $11 {remains equal.} 24. Bf4 Bd4) 24. Rxc3 (24. Qxc3 $16 Qxc3 25. Rxc3) 24... Rxd5 {[%cal Rd5d1]} 25. Rcd3 h5 (25... Nd4 $11) 26. Qf3 (26. Rxd5 $16 cxd5 27. Qf3) 26... e6 27. a3 Qe5 28. h3 (28. a4 $11) 28... h4 (28... b5 $1 $15) 29. Rb1 b6 30. Rbd1 Kd6 31. Qg4 {[%mdl 1024] White has compensation.} Qf6 32. Qf4+ Qe5 $1 {[%cal Re5f4]} 33. Qg5 Qg7 34. Qd8+ Qd7 (34... Kc5 $14 35. Rxd5+ exd5) 35. Qb8+ Qc7 36. Qe8 g5 37. Re1 (37. a4 $16) 37... Qd7 $2 (37... Nd4 $1 $14) 38. Qb8+ Ke7 39. Rxd5 cxd5 $18 {[%mdl 4096] Endgame KQR-KQN} 40. Rc1 ({Not} 40. Qg8 Kf6 $16) 40... Kf6 41. Rc7 {[%mdl 64] Double Attack} Qa4 $2 (41... Qd6 42. Qh8+ (42. Qxa7 Qe5 $16) 42... Kg6 43. Rxa7 d4 44. Qg8+ Kf6 45. Rf7+ Ke5 46. Qxg5 Qxa3 47. Qf6+ Kd6) 42. Qh8+ Kg6 43. Qg8+ $2 (43. Qf8 {White wants to mate with Qf7+.} Qd1+ 44. Kh2) 43... Kf6 44. Rf7+ Ke5 45. Qxg5 Qxa3 46. Qf6+ Kd6 47. Qd8+ Ke5 48. Qb8+ ({Better is} 48. Qh8+ $1 $18 Ke4 49. Rc7) 48... Ke4 $16 49. Rxa7 Qc1+ 50. Kh2 Nd4 51. Ra2 b5 {[#]} 52. Qd6 $1 Qf4+ $2 (52... Kf5 $16) 53. Qxf4+ $18 Kxf4 {White is clearly better.} 54. g3+ Kg5 {[#]} 55. Rb2 $1 e5 56. Kg2 {Accuracy: White = 63%, Black = 57%.} 1-0

[Event "7th Cattolica Open-A 2020"]
[Site "Cattolica"]
[Date "2020.09.03"]
[Round "4.6"]
[White "Orfini, Nicolo`"]
[Black "Alanic, Mickael"]
[Result "1-0"]
[WhiteElo "2225"]
[BlackElo "2306"]
[Annotator "TA"]
[PlyCount "77"]
[EventDate "2020.08.31"]
[EventType "swiss"]
[EventCountry "ITA"]
[SourceTitle "playchess.com"]
[Source "ChessBase"]
[SourceQuality "1"]

{[%evp 21,77,13,18,14,36,33,13,8,8,0,6,13,10,0,25,14,29,18,32,29,53,29,39,37,69,0,0,1,7,0,0,0,0,0,0,0,0,0,0,-50,0,0,0,-62,0,0,0,0,448,439,774,768,765,748,808,787,693,639]} 1. e4 e5 2. Nf3 Nc6 3. Bb5 g6 4. c3 a6 5. Ba4 d6 6. d4 Bd7 7. O-O Bg7 8. d5 Nce7 9. Bxd7+ Qxd7 10. c4 h6 11. Nc3 f5 12. Ne1 {C76: Ruy Lopez: Deferred Steinitz: 5 c3 Bd7 6 d4 g6.} fxe4 13. Nxe4 Nf6 {[#]} 14. f3 $146 {The position is equal.} ({Predecessor:} 14. Nxf6+ Bxf6 15. Nf3 b5 16. b3 bxc4 17. bxc4 Qg4 18. Qa4+ Qd7 19. Qd1 Qg4 20. Qa4+ Qd7 {½-½ (20) Djukic,N (2518)-Sedlak,N (2572) Mali Losinj 2019}) 14... O-O 15. Nc2 Nf5 16. Qd3 Rae8 17. Bd2 Rf7 18. Rad1 Ref8 19. b3 g5 20. Ne3 {Threatens to win with Nxg5!} Nd4 21. Nxf6+ Rxf6 22. Ng4 Rf5 23. Bc3 (23. Be3 $14) 23... h5 $11 24. Ne3 Rf4 25. Bxd4 exd4 26. Nc2 Qf7 27. Ne1 Be5 28. g3 Rf5 29. Rd2 h4 30. Kg2 Kg7 31. Qe4 Rh8 {Hoping for ...hxg3.} 32. Qg4 (32. Rg1 $11) 32... Rf6 (32... Kf6 $15 33. Rg1 Ke7) 33. f4 $36 {[%mdl 2048] White has some pressure.} hxg3 34. hxg3 {Black must now prevent Rff2.} Rfh6 $2 {[%mdl 8192]} (34... Kf8 $1 $11 {and Black stays safe.}) 35. Nf3 $18 {[%mdl 64] [#] Double Attack. White is clearly winning.} (35. fxe5 $2 {leads to mate.} Rh2+ 36. Kg1 Rh1+ 37. Kg2 Qxf1#) 35... Qh5 (35... Bxf4 $142 36. gxf4 Qxf4 37. Qd7+ Qf7 38. Qxf7+ Kxf7 39. Nxg5+ Kg6) 36. Qxh5 Rxh5 37. fxe5 g4 38. Nh4 dxe5 39. Re2 {Accuracy: White = 87%, Black = 67%.} 1-0

[Event "7th Cattolica Open-A 2020"]
[Site "Cattolica"]
[Date "2020.09.03"]
[Round "4.7"]
[White "Le Goff, Damien"]
[Black "Palozza, Christian"]
[Result "1/2-1/2"]
[WhiteElo "2281"]
[BlackElo "2240"]
[Annotator "TA"]
[PlyCount "72"]
[EventDate "2020.08.31"]
[EventType "swiss"]
[EventCountry "ITA"]
[SourceTitle "playchess.com"]
[Source "ChessBase"]
[SourceQuality "1"]

{[%evp 9,72,16,35,10,42,31,27,0,0,0,0,-10,12,-16,0,-10,22,25,18,15,28,15,22,24,31,25,34,24,20,24,23,15,44,44,52,43,62,17,18,19,21,34,13,-22,0,-8,0,-16,-27,-35,-35,-42,-20,-20,-20,-35,-26,-26,-26,-30,-15,-26,-26,-28,0]} 1. e4 c6 2. d4 d5 3. exd5 cxd5 4. Bf4 Nf6 5. c3 Nc6 6. Nd2 {B13: Caro-Kann: Exchange Variation and Panov-Botvinnik Attack.} g6 7. Ngf3 Bg7 8. Ne5 {White has an edge.} Nh5 9. Nxc6 bxc6 10. Be3 {[#]} Qc7 $146 ({Predecessor:} 10... e5 11. Nb3 e4 12. Be2 Nf6 13. O-O O-O 14. Nd2 Nd7 15. f3 f5 16. fxe4 dxe4 {0-1 (31) Mountford,C (1602)-Hegarty,S (2096) England 2010}) 11. Nf3 {[%cal Bd2f3,Bf3e1,Be1d3][%mdl 32]} a5 12. Qd2 Ba6 13. Bxa6 Rxa6 14. O-O O-O 15. Ne1 Nf6 16. Nd3 Nd7 17. Bf4 Qc8 18. Rad1 Re8 19. Rfe1 Ra7 20. h4 Nf6 21. f3 Rd7 22. Be5 Rdd8 23. Nc5 Nd7 24. Nxd7 Rxd7 25. Bxg7 Kxg7 26. b4 h5 27. a3 Ra7 28. Re3 Qf5 29. Re5 Qf6 30. Qg5 Qxg5 (30... axb4 {is interesting.} 31. axb4 Ra2 32. Re3 e6 33. Rde1 Rea8) 31. hxg5 axb4 32. axb4 $15 {KRR-KRR} e6 33. Re2 Rea8 34. Rc2 Ra1 35. Rxa1 Rxa1+ 36. Kf2 Ra4 {Accuracy: White = 85%, Black = 84%.} 1/2-1/2

[Event "7th Cattolica Open-A 2020"]
[Site "Cattolica"]
[Date "2020.09.03"]
[Round "4.8"]
[White "Mendonca, Leon Luke"]
[Black "Nineuil, Vincent"]
[Result "1/2-1/2"]
[WhiteElo "2490"]
[BlackElo "1920"]
[Annotator "RC"]
[PlyCount "82"]
[EventDate "2020.08.31"]
[EventType "swiss"]
[EventCountry "ITA"]
[SourceTitle "playchess.com"]
[Source "ChessBase"]
[SourceQuality "1"]
[TimeControl "5400+30"]

1. Nf3 {[%emt 0:00:00]} d5 {[%emt 0:00:00]} 2. g3 {[%emt 0:00:39]} Nf6 {[%emt 0:00:00]} 3. Bg2 {[%emt 0:00:18]} e6 {[%emt 0:00:02]} 4. O-O {[%emt 0:00:22]} Be7 {[%emt 0:00:04]} 5. c4 {[%emt 0:00:27]} O-O {[%emt 0:00:05]} 6. b3 {[%emt 0:00:15]} b6 {[%emt 0:02:46]} 7. Bb2 {[%emt 0:00:26]} Bb7 {[%emt 0:00:15]} 8. cxd5 {[%emt 0:00:26]} exd5 {[%emt 0:00:37]} 9. d4 {[%emt 0:00:26]} Nbd7 {[%emt 0:04:22]} 10. Nc3 {[%emt 0:00:50]} Ne4 {[%emt 1:26:49]} 11. Nxe4 {[%emt 0:14:48]} dxe4 {[%emt 0:00:00]} 12. Nd2 {[%emt 0:01:09]} f5 {[%emt 0:00:00]} 13. Nc4 {[%emt 0:01:35]} Nf6 {[%emt 0:00:00]} 14. Qc2 {[%emt 0:07:37]} Bd5 {[%emt 0:00:00]} 15. Rac1 {[%emt 0:10:32]} Rc8 {[%emt 0:00:00]} 16. Ne3 {[%emt 0:13:56]} Qd7 {[%emt 0:00:00]} 17. Rfd1 {[%emt 0:11:19]} c6 {[%emt 0:00:00]} 18. Qd2 {[%emt 0:06:20]} b5 {[%emt 0:00:00]} 19. Bc3 {[%emt 0:01:11]} Be6 {[%emt 0:00:00]} 20. d5 {[%emt 0:22:54]} Nxd5 {[%emt 0:00:00]} 21. Nxd5 {[%emt 0:00:26]} Bxd5 {[%emt 0:00:00]} 22. e3 {[%emt 0:00:42]} Qe6 {[%emt 0:00:00]} 23. Bf1 {[%emt 0:01:10]} a6 {[%emt 0:00:00]} 24. Bb4 {[%emt 0:00:11]} Rfd8 {[%emt 0:00:00]} 25. Bxe7 {[%emt 0:00:33]} Qxe7 {[%emt 0:00:00]} 26. Qa5 {[%emt 0:00:09]} Ra8 {[%emt 0:00:00]} 27. Rd2 {[%emt 0:02:52]} g5 {[%emt 0:00:00]} 28. Rcd1 {[%emt 0:01:30]} Qe5 {[%emt 0:00:00]} 29. Bc4 {[%emt 0:00:32]} f4 {[%emt 0:00:00]} 30. Bxd5+ {[%emt 0:00:04]} cxd5 {[%emt 0:00:00]} 31. Qb6 {[%emt 0:00:17]} Rd6 {[%emt 0:00:00]} 32. Qb7 {[%emt 0:01:23]} Rad8 {[%emt 0:00:00]} 33. Kh1 {[%emt 0:00:33]} Qf5 {[%emt 0:00:00]} 34. gxf4 {[%emt 0:00:29]} gxf4 {[%emt 0:12:00]} 35. Rg1+ {[%emt 0:00:26]} Rg6 {[%emt 0:00:00]} 36. Rxg6+ {[%emt 0:00:06]} hxg6 {[%emt 0:00:00]} 37. Qc7 {[%emt 0:00:06]} Rd7 {[%emt 0:00:00]} 38. Qb8+ {[%emt 0:01:04]} Kh7 {[%emt 0:00:00]} 39. exf4 {[%emt 0:00:31]} e3 {[%emt 0:00:00]} 40. fxe3 {[%emt 0:00:47]} Qe4+ {[%emt 0:00:00]} 41. Rg2 {[%emt 0:00:00]} Qb1+ {[%emt 0:00:00]} 1/2-1/2